000 00891nas a2200301 4500
001 BR2013009219
003 BR-BrBNA
005 20231205123231.0
007 ta
008 230509b bl.|||p| |||| 00| 00por d
040 _aBR-BrBNA
_bpor
_cBiblioteca Nacional de Agricultura
041 _a(Pt)
072 _aL73
100 1 _aAssis, A.R.
100 1 _aMattos, R.T.
100 1 _aFacco, G.G.
100 1 _aMartin, C.M.
245 1 _aAspectos ultrassonográficos e histopatológicos de adenocarcinoma gástrico de células mucosas em cão
650 _aCÃO
650 _aNEOPLASIA
650 _aCÉLULA
650 _aDIAGNÓSTICO
650 _aULTRASSONOGRAFIA
650 _aHISTOPATOLOGIA
773 0 _tA Hora Veterinária (Brazil)
_xISSN 0101-9163
_g(May-Jun 2012), v. 32(187) p. 40-42
_wBR2013009219
909 _a202311
_bLúcia
_c55
_dLúcia Elande
942 _2AGRIS
_n0
_cANA
999 _c232844
_d232844